Wanda Landowska - polnische Cembalistin in Berlin

Titel: Wanda Landowska - polnische Cembalistin in Berlin
Verfasser:
In: Deutsch-polnische Beziehungen in Kultur und Literatur ; 4. 13. - 15. April 2012, (2012), Seite 171-177
alle Artikel anzeigen
Veröffentlicht: 2012
Format: Aufsatz
Sprache: Deutsch
Kein Bild verfügbar
X
alg: 39277229
001A    $01999:11-11-16 
001B    $01999:28-04-17 $t15:16:09.000 
001D    $01999:11-11-16 
001U    $0utf8 
001X    $00 
002@    $0Aox 
003@    $0392772299 
007A    $0392772299 $aHEB 
007T    $0Herdc0098885m 
010@    $ager 
011@    $a2012 
021A    $aWanda Landowska - polnische Cembalistin in Berlin 
028A    $aWyrzykiewicz $dDominika 
031A    $h171-177 $j2012 
039B    $aIn $8--Afu--. Deutsch-polnische Beziehungen in Kultur und Literatur ; 4. 13. - 15. April 2012. - Warszawa : Inst. Germanistyki Uniw. Warszawskiego, 2012. - 344 S.. - Ill.. - ISBN 83-89919-81-8 $x201200000000000829 $9334894433 

lok: 39277229 78

exp: 39277229 78 1 #EPN
201B/01 $011-01-18 $t23:08:42.000 
201U/01 $0utf8 
203@/01 $0788871684 
208@/01 $a11-11-16 $be 
209A/01 $a/ $f000 $x00 
220C/01 $aTitelaufnehmer: pg 
220C/01 $aHerkunft: HI Marburg 
244Z/01 $2Trx $#Poola $#Lenkija $#Polija $#Polen Land $#Poland $#Lengyelország $#Poľsko $#Polsko $8--Trx--Polska$gkraj $x01 $9391345966 
244Z/01 $#Berlin $#Berlin $#柏林 $#Großberlin $#Groß-Berlin $#Haupt- und Residenz-Stadt Berlin $#Reichshauptstadt Berlin $#Berlino $#Berolino $#Stadtgemeinde Berlin $#Hauptstadt Berlin $#Birlīn $#Barlīn $#Berolinon $#Land Berlin $#Coloniae Brandenburgicae $#Berlinum $#Verolino $#Berolinum $#Cölln an der Spree $#Colonia Brandenburgica $#Colonia Marchica $#Cöln an der Spree $#Berlin 1945-1948 $#"Besonderes Gebiet" Berlin $#Gross-Berlin $74005728-8 $8--Tgz--Berlin $x02 $9085007188 
244Z/01 $aGeschichte 1879-1959 $x03 
244Z/01 $2Trx $8--Trx--Landowska, Wanda$Z1879-1959 $x04 $9390656305 
244Z/01 $2Trx $#muusikud $#muzikai $#musicians $#zenész $#muzycy $#hudobníci $#hudebníci $8--Trx--Musiker $x05 $9391353314 
244Z/01 $2Trx $#suhted, Poola-Saksa $#santykiai, lenkų ir vokiečių $#relations, German-Polish $#kapcsolatok, lengyel-német $#stosunki niemiecko-polskie $#vzťahy nemecko-poľské $#vztahy německo-polské $8--Trx--Beziehungen, deutsch-polnische $x06 $9391368397 
244Z/01 $2Trx $#suhted, kultuurilised $#santykiai, kultūriniai $#relationships, cultural $#kapcsolatok, kulturális $#stosunki kulturalne $#vzťahy kultúrne $#vztahy kulturní $#Kulturtransfer $8--Trx--Beziehungen, kulturelle $x07 $9391374184 
244Z/01 $2Trx $8--Trx--Einzelbeiträge $x08 $9391384570 
245Z/01 $a11.09;12.03 $x01 
247C/01 $82080>Marburg/Lahn, Herder-Institut, Forschungsbibliothek, Bibliographieportal $9336309341
LEADER 00000caa a22000002c 4500
001 392772299
003 DE-603
005 20170428151609.0
007 tu
008 161111s2012 xx |||| | u00||u|ger c
035 |a (DE-599)HEB392772299 
040 |a DE-603  |b ger  |c DE-603  |d DE-603 
041 |a ger 
100 1 |a Wyrzykiewicz, Dominika 
245 0 0 |a Wanda Landowska - polnische Cembalistin in Berlin 
264 0 |c 2012 
773 0 8 |i In  |t Deutsch-polnische Beziehungen in Kultur und Literatur ; 4. 13. - 15. April 2012  |d Warszawa : Inst. Germanistyki Uniw. Warszawskiego, 2012  |h 344 S., Ill.  |z 8389919818  |g (2012), Seite 171-177  |w (DE-603)334894433 
924 0 |9 2080  |a (DE-603)788871684  |b DE-2080  |c HES  |d d  |g /